AU LIBRARIES
Centralized Library System Across Seven Campuses

The Origin of Local Government in New South Wales (Record no. 47247)

MARC details
000 -LEADER
fixed length control field 00412nam a22001577a 4500
005 - DATE AND TIME OF LATEST TRANSACTION
control field 20260408112756.0
008 - FIXED-LENGTH DATA ELEMENTS--GENERAL INFORMATION
fixed length control field 260408b |||||||| |||| 00| 0 eng d
020 ## - INTERNATIONAL STANDARD BOOK NUMBER
ISBN 424066106
082 ## - DEWEY DECIMAL CLASSIFICATION NUMBER
Classification number 352.0944
Author Mark LAR-T
100 ## - MAIN ENTRY--AUTHOR
Author Name Larcombe, F.
245 ## - TITLE STATEMENT
Title The Origin of Local Government in New South Wales
260 ## - PUBLICATION, DISTRIBUTION, ETC.
Place of Publication Sydney
Name of publisher, distributor, etc. U.K. London
Date of publication, distribution, etc. 1973
300 ## - PHYSICAL DESCRIPTION
Pages xv,323 p.
650 ## - SUBJECT ADDED ENTRY--TOPICAL TERM
Subject / Department Allied Material
942 ## - ADDED ENTRY ELEMENTS (KOHA)
Koha item type Book
Holdings
Withdrawn status Lost status Damaged status Not for loan Collection code Permanent Location Current Location Shelving Location Date acquired Source of acquisition Total Checkouts Full Call Number Accession No./Barcode Date last seen Koha item type
        Allied Material Air University H-11 Campus Islamabad Air University H-11 Campus Islamabad Allied Materials 04/08/2026 Gifted By Dr. Salman Hasan   352.0944 LAR-T AUHEG0031 04/08/2026 Book
Air University Sector E-9, Islamabad Pakistan
Email: librarian@au.edu.pk  Tel : +0092 51 9262612 Ext: 631